书目信息 |
| 题名: |
固体激光工程
|
|
| 作者: | 美W.克西耐尔 著 ;程国祥 , 江泽文 , 孙文 译 | |
| 分册: | ||
| 出版信息: | 北京 科学出版社 2002 |
|
| 页数: | 650页 | |
| 开本: | 26cm | |
| 丛书名: | ||
| 单 册: | ||
| 中图分类: | TN248.1 | |
| 科图分类: | ||
| 主题词: | 微波激射技术 , 激光技术 | |
| 电子资源: | ||
| ISBN: | 7-03-010361-0 | |
| 000 | 00746nam0 2200229 450 | |
| 001 | 0735592734 | |
| 005 | 20070906095312.73 | |
| 010 | @a7-03-010361-0@d¥68.00 | |
| 100 | @a20070906d km y0chiy0120 ea | |
| 101 | 0 | @achi |
| 200 | 1 | @a固体激光工程@Agu ti ji guang gong cheng@f[美]W.克西耐尔著@F[mei]W.ke xi nai er zhu@g孙文,江泽文,程国祥译@Gsun wen,jiang ze wen,cheng guo xiang yi |
| 210 | @a北京@c科学出版社@d2002 | |
| 215 | @a650页@d26cm | |
| 606 | 0 | @a微波激射技术 |
| 606 | 0 | @a激光技术 |
| 690 | @aTN248.1@v3 | |
| 701 | 0 | @a美W.克西耐尔@Amei W.ke xi nai er@4著 |
| 702 | 0 | @a程国祥@Acheng guo xiang@4译 |
| 702 | 0 | @a江泽文@Ajiang ze wen@4译 |
| 702 | 0 | @a孙文@Asun wen@4译 |
| 801 | 0 | @aCN@bPFT@c20070906 |
| 905 | @a213230@dTN248.1@eP2@f1 | |
| 固体激光工程/[美]W.克西耐尔著/孙文,江泽文,程国祥译.-北京:科学出版社,2002 |
| 650页;26cm |
| ISBN 7-03-010361-0:¥68.00 |
| ● |
| 相关链接 |
|
|
|
|
正题名:固体激光工程
索取号:TN248.1/P2
 
预约/预借
| 序号 | 登录号 | 条形码 | 馆藏地/架位号 | 状态 | 备注 |
| 1 | 7201465 | 272014651 | 密集书库-物理学院/ [索取号:TN248.1/P2] | 在馆 |